Soccer players by picture(hard) - Statistics

General Stats
  • This quiz has been taken 143 times
  • The average score is 4 of 14
Answer Stats
Picture Answer % Correct
kimmich
92%
pedri
81%
sabitzer
70%
yildiz
54%
Aboubakar
31%
rojo
31%
Pierre Emerick Aubameyang
29%
dept
19%
greenwood
15%
king
13%
brand
6%
baia
3%
harris
2%
lewis
1%
No matching quizzes found
Score Distribution
Percent of People with Each Score
Percentile by Number Answered
Your Score History
You have not taken this quiz